000 00721nam a2200265Ia 4500
005 20260302114157.0
008 008 260114s9999 xx 000 0 eng d
020 _a9781666982831
037 _aTextbook
040 _aCRL
040 _beng
040 _cCRL
041 _2eng
041 _aeng
084 _qCRL
100 _aGeorge A. Dunn & Mango Telli
_91117992
245 2 _aA New Politics for Philosophy Perspectives on Plato, Nietzsche, and Strauss
260 _bBloomsbury
260 _bLexington Books
260 _c2022
650 _aPhilosophy
856 _uhttps://doi.org/10.5040/9781666982831?locatt=label:secondary_bloomsburyCollections
942 _cEBOOK
999 _c1681617
_d1681617